|
|
|
|
| LEADER |
01241nam a2200325 a 4500 |
| 001 |
41380 |
| 003 |
BD-DhAAL |
| 005 |
20230716152403.0 |
| 008 |
230716t1992 enk 000 0 eng |
| 010 |
|
|
|a 94004040
|
| 020 |
|
|
|a 0140232346
|
| 020 |
|
|
|a 0670831263
|
| 040 |
|
|
|a DLC
|c DLC
|d DLC
|d BD-DhAAL
|
| 050 |
0 |
0 |
|a D411
|b .P46 1992
|
| 082 |
0 |
0 |
|a 909.82
|2 20
|
| 245 |
0 |
4 |
|a The Penguin book of twentieth-century speeches /
|c edited by Brian MacArthur.
|
| 250 |
|
|
|a First edition
|
| 260 |
|
|
|a London, England ;
|a New York :
|b Viking,
|c 1992.
|
| 300 |
|
|
|a xxiv, 488 pages ;
|c 24 cm.
|
| 541 |
|
|
|a Donated by Akbar Ali Khan
|e 41380
|
| 650 |
|
0 |
|a History, Modern
|y 20th century
|x Sources.
|9 55095
|
| 650 |
|
0 |
|a Speeches, addresses, etc.
|
| 700 |
1 |
|
|a MacArthur, Brian.
|9 55096
|
| 740 |
0 |
|
|a Penguin book of 20th-century speeches.
|
| 740 |
0 |
|
|a Twentieth-century speeches.
|
| 740 |
0 |
|
|a 20th-century speeches.
|
| 852 |
|
|
|a Ayesha Abed Library
|c Akbar Ali Khan Collection
|
| 942 |
|
|
|2 ddc
|c BK
|
| 999 |
|
|
|c 45985
|d 45985
|
| 952 |
|
|
|0 0
|1 0
|2 ddc
|4 0
|6 909_820000000000000_PEN
|7 1
|9 73965
|a BRACUL
|b BRACUL
|c AAKC
|d 2023-07-16
|g 2659.07
|l 0
|o 909.82 PEN
|p 3010041380
|r 2023-07-16
|t 1
|w 2023-07-16
|y BK
|x price are not available in book (collected from amazon.com Є21.81 )
|